00721nam a2200193 a 450000100100000000500170001000800410002702000180006804000250008610000270011124500560013826000420019430000210023650000430025750000570030050000420035795201110039999900170051000004076320201002034348.0130906s2008 sp 000 0 spa d a9788437602783 aDO-SdBNPbspacBNPHU1 aShaw, Donald L.96716710aNueva narrativa hispanoamericana /cDonald L. Shaw. aMadrid :bEdiciones Cátedra,c2008. a408 p. ;c22 cm. aIncluye índice de autores e índice aIncluye datos biográficos del autor en la cubierta aIncluye notas al pie de las páginas 001054708MOaGRbGRcCTd2013-09-06iLF1l0o p40763-10r2020-06-25w2020-06-25y4ZPréstamo en sala c40253d40253